Control of complex systems (Registro nro. 23338)

Detalles MARC
000 -Cabecera
Campo de control interno 00426nam a2200181Ia 4500
005 - Fecha y hora del registro
control field 20260414150930.0
008 - Elementos de Longitud Fija
fixed length control field 260414t2001||||xx |||||||||||||| ||spa||
041 ## - Idioma
Codigo Idioma ESP
082 ## - DEWEY y NOTACIÓN INTERNA
Dewey 629.8312
Notación Interna A83
100 ## - AUTOR
Autor denominación Astrom, Karl
Término de relación autor
245 #0 - TÍTULO DE MATERIAL BIBLIOGRÁFICO
Título Control of complex systems
Título paralelo
260 ## - CIUDAD, EDITORIAL, AÑO
Año 2001
300 ## - DESCRIPCIÓN
N° Páginas xii, 482 páginas :
Dimensiones 24 cm.
650 ## - TEMAS
Temas Ciencias Naturales
654 ## - PROGRAMAS
Programa Dpto. de Ciencias Naturales
942 ## - ELEMENTOS DE KOHA
Tipo de documento Libro
Nombre del creador Justo Noguera
Código de catalogador Justo Noguera
Esquema de clasificación Dewey Decimal Classification
Suppress in OPAC
Existencias
Codigo completo Registro Colección Copia número Disponibilidad Tipo de préstamo Biblioteca Actual Procedencia (Biblioteca) Ubicacón Fecha Ingreso Tipo de Adquisición Date last seen Total checkouts Price effective from Tipo de Item Estado del Material Damaged status Withdrawn status
629.8312 A83 1061391 Universidad Católica San Pablo 1 Disponible Disponible Víctor Andrés Belaunde Víctor Andrés Belaunde Segundo piso 14/04/2026 Compra 14/04/2026   14/04/2026 Libro Bueno